Statistiques concernant Le Bhoutan

Cliquez ici pour prendre le quiz!

Statistiques générales

  • Ce quiz a été pris 57 fois
  • Le résultat moyen est 7 sur 11

Statistiques - réponses

QuestionRéponse% Correct
Quel autre pays est situé au nord ?Chine
100%
Sur quel continent se trouve ce pays ?Asie
100%
Dans quelle chaîne de montagne est-il situé ?Himalaya
91%
Quel animal est représenté sur son drapeau ?dragon
88%
De quel pays voisin a-t-il obtenu son indépendance en 1949 ?Inde
88%
Quelle est sa capitaleThimphou
77%
Quelle est sa religion d'État ?bouddhisme
73%
Quel animal y est élevé traditionnellement ?yak
46%
En 1999, le Bhoutan a été le dernier pays du monde à recevoir la ....télévision
29%
Par quelle maladie le pays est-il régulièrement touché ?paludisme
23%
Quel édifice religieux est présent un peu partout dans le pays ?monastère
23%

Distribution des résultats

Percentile par nombre de réponses

% des personnes avec chaque résultat

Votre développement - résultats

Vous n’avez pas pris ce quiz